Arctic Monkeys Lyrics - Mardy Bum - Statistics

General Stats
  • This quiz has been taken 686 times
    628 since last reset
  • The average score is 227 of 268
Answer Stats
Lyrics % Correct
mardy
99%
a
98%
bum
98%
I
98%
I?
98%
the
98%
you,
97%
you
97%
and
96%
And
96%
of
95%
it
94%
your
94%
do,
93%
do
93%
like
92%
now
92%
to
92%
goes
91%
in
91%
it's
91%
It's
91%
off
91%
then,
91%
then
91%
we
90%
gun,
89%
on
89%
all
88%
down
88%
lookin'
88%
that
88%
barrel
87%
kitchen,
87%
there
87%
much
86%
I've
85%
was
85%
Remember
84%
remember
84%
seen
84%
Well,
84%
Ah,
83%
cuddles
83%
face
83%
face,
83%
frown
83%
get
83%
I'm
83%
Oh,
83%
When
83%
when
83%
ground
82%
So
82%
things
82%
yeah,
82%
around
81%
around?
81%
joke
81%
laugh
81%
these
81%
up,
81%
got
80%
you're
80%
be
79%
can't
79%
prefer
79%
traffic
79%
words
79%
away
78%
but
78%
But
78%
But,
78%
day
78%
side
78%
late
77%
one
77%
today
77%
trouble
77%
you've
77%
argumentative,
76%
argumentative
76%
as
76%
come
76%
again,
75%
aren't
75%
hard
75%
state
75%
very
75%
sorry
74%
there's
74%
train
74%
missed
73%
thought
73%
course
72%
don't
72%
just
72%
care
71%
jokes
70%
say
70%
carry
69%
laughs
69%
over
69%
pleasant
69%
this
69%
bear
66%
out
63%
clearly
61%
debate
61%
silent
60%
arsed
57%
disappointment
57%
reoccurs
57%
reight
55%
right
55%
turned
53%
'Cause
52%
Pullin'
48%
No matching quizzes found
Score Distribution
Percent of People with Each Score
Percentile by Number Answered
Your Score History
You have not taken this quiz since the last reset